000 00506nam a2200217Ia 4500
008 210210b2013 xxu||||| |||| 00| 0 eng d
020 _a9780199641130
041 _aeng
082 _a574.542 MASC
100 _aMASLIN (Mark)
245 _aClimate: a very short introduction
260 _aUK
_bOxford University Press
_c2013
300 _axii,159
650 _avery
650 _ashort
650 _aintroduction
650 _aClimate:
650 _aa
690 _aEcology
906 _a067955
999 _c152298
_d152298